Can You Name Every Disney Channel Original Movie in Order? - Statistics

General Stats
  • This quiz has been taken 23 times
  • The average score is 38 of 120
Answer Stats
Year Answer % Correct
2008 Camp Rock
67%
1998 Brink!
50%
1998 Halloweentown
50%
2006 High School Musical
50%
2007 High School Musical 2
50%
2009 Princess Protection Program
50%
2003 The Cheetah Girls
50%
2006 The Cheetah Girls 2
50%
2008 The Cheetah Girls: One World
50%
2000 The Color of Friendship
50%
1997 Under Wraps
50%
1998 You Lucky Dog
50%
1999 Zenon: Girl of the 21st Century
50%
2025 ZOMBIES 4: Dawn of the Vampires
50%
2000 Alley Cats Strike
33%
2002 A Ring of Endless Light
33%
2005 Buffalo Dreams
33%
2002 Cadet Kelly
33%
2010 Camp Rock 2: The Final Jam
33%
1999 Can of Worms
33%
2006 Cow Belles
33%
2009 Dadnapped
33%
2015 Descendants
33%
2017 Descendants 2
33%
2019 Descendants 3
33%
2024 Descendants: The Rise of Red
33%
1999 Don't Look Under the Bed
33%
2002 Double Teamed
33%
2003 Eddie's Million Dollar Cook-Off
33%
2003 Full-Court Miracle
33%
1999 Genius
33%
2002 Get a Clue
33%
2005 Go Figure
33%
2004 Going to the Mat
33%
2011 Good Luck Charlie, It's Christmas!
33%
2002 Gotta Kick it Up
33%
2004 Halloweentown High
33%
2001 Halloweentown II: Kalabar's Revenge
33%
2009 Hatching Pete
33%
1999 Horse Sense
33%
2001 Hounded
33%
2001 Jett Jackson: The Movie
33%
2007 Johnny Kapahala: Back on Board
33%
1999 Johnny Tsunami
33%
2007 Jump In!
33%
2001 Jumping Ship
33%
2005 Kim Possible Movie: So the Drama
33%
2012 Let It Shine
33%
2005 Life is Ruff
33%
2008 Minutemen
33%
2000 Miracle in Lane 2
33%
2000 Mom's Got a Date with a Vampire
33%
2001 Motocrossed
33%
2005 Now You See It...
33%
2000 Phantom of the Megaplex
33%
2004 Pixel Perfect
33%
2000 Quints
33%
2006 Read it and Weep
33%
2000 Ready to Run
33%
2006 Return to Halloweentown
33%
2003 Right on Track
33%
2000 Rip Girls
33%
2011 Sharpay's Fabulous Adventure
33%
1999 Smart House
33%
2010 Starstruck
33%
2000 Stepsister from Planet Weird
33%
2004 Stuck in the Suburbs
33%
2013 Teen Beach Movie
33%
2003 The Even Stevens Movie
33%
2001 The Jennie Project
33%
2001 The Luck of the Irish
33%
2000 The Other Me
33%
2001 The Poof Point
33%
2005 The Proud Family Movie
33%
2002 The Scream Team
33%
1999 The Thirteenth Year
33%
2000 The Ultimate Christmas Present
33%
2004 Tiger Cruise
33%
2002 Tru Confessions
33%
2001 'Twas the Night
33%
2005 Twitches
33%
2007 Twitches Too
33%
2000 Up, Up, and Away
33%
2006 Wendy Wu: Homecoming Warrior
33%
2003 You Wish!
33%
2001 Zenon: The Zequel
33%
2004 Zenon: Z3
33%
2018 ZOMBIES
33%
2020 ZOMBIES 2
33%
2022 ZOMBIES 3
33%
2016 Adventures in Babysitting
17%
2010 Avalon High
17%
2015 Bad Hair Day
17%
2024 Big City Greens The Movie: Spacecation
17%
2021 Christmas...Again!?!
17%
2014 Cloud 9
17%
2010 Den Brother
17%
2018 Freaky Friday
17%
2012 Frenemies
17%
2011 Geek Charming
17%
2012 Girl vs. Monster
17%
2014 How to Build a Better Boy
17%
2015 Invisible Sister
17%
2019 Kim Possible
17%
2011 Lemonade Mouth
17%
2011 Phineas and Ferb the Movie: Across the 2nd Dimension
17%
2023 Prom Pact
17%
2012 Radio Rebel
17%
2021 Spin
17%
2017 Tangled: Before Ever After
17%
2015 Teen Beach 2
17%
2023 The Naughty Nine
17%
2023 The Slumber Party
17%
2011 The Suite Life Movie
17%
2016 The Swap
17%
2021 Under Wraps
17%
2022 Under Wraps 2
17%
2020 Upside Down Magic
17%
2009 Wizards of Waverly Place: The Movie
17%
2014 Zapped
17%
No matching quizzes found
Score Distribution
Percent of People with Each Score
Percentile by Number Answered
Your Score History
You have not taken this quiz